| 000 | 00493nam a22001697a 4500 | ||
|---|---|---|---|
| 999 |
_c525757 _d525757 |
||
| 003 | NUST | ||
| 020 | _qP/B | ||
| 038 | _awaseem | ||
| 082 |
_a891.4906 _bROB |
||
| 100 |
_aKarmani, Robina _916698 |
||
| 245 |
_aTanvir Zahoor Dian Punjabi Adbi Khidmatan / _cRobina Karmani |
||
| 260 |
_aLahore : _bTaskeen Zooq, _c2015. |
||
| 300 | _a207 p. ; | ||
| 880 |
_6100-01\r _aروبینہ کرمانی |
||
| 880 |
_6245-02\r _aتنویر ظہور دیاں پنجابی خدمتاں / |
||
| 942 |
_2ddc _cBK |
||